Städte und Gemeinden im Landkreis Aurich mit Karte - Statistiken

Allgemein
  • Dieses Quiz wurde 213 mal gespielt
  • Das Durchschnittsergebnis liegt bei 14 aus 24
Antworten auf der Karte
Die Antworten werden auf der Karte rot bzw. grün angezeigt, abhängig davon wie oft sie richtig erraten wurden.
 
Antwortstatistiken
Stadt oder Gemeinde % Korrekt
Aurich
96%
Norden
92%
Norderney
86%
Juist
82%
Baltrum
78%
Krummhörn
74%
Großefehn
64%
Wiesmoor
63%
Südbrookmerland
61%
Ihlow
60%
Hage
57%
Marienhafe
56%
Dornum
53%
Hinte
51%
Großheide
43%
Upgant-Schott
43%
Hagermarsch
40%
Osteel
40%
Wirdum
40%
Rechtsupweg
39%
Halbemond
36%
Leezdorf
36%
Lütetsburg
34%
Berumbur
32%
Keine übereinstimmenden Quizze gefunden
Verteilung der Resultate
Anzahl Personen mit jedem Resultat
Perzentil nach korrekt beantworteten Fragen
Ihre Resultats-Entwicklung
Sie haben dieses Quiz noch nicht gespielt